|
|
|
|
| LEADER |
03446nam a2200769 4500 |
| 001 |
ocn778448402 |
| 003 |
OCoLC |
| 005 |
20170124070033.3 |
| 006 |
m o d |
| 007 |
cr cnu---unuuu |
| 008 |
120228s2012 mau ob 001 0 eng d |
| 040 |
|
|
|a N$T
|b eng
|e pn
|c N$T
|d IDEBK
|d CDX
|d E7B
|d YDXCP
|d EBLCP
|d OCLCQ
|d DG1
|d DKDLA
|d DEBSZ
|d UKDOC
|d OCLCQ
|d OCLCF
|d AU@
|d K6U
|d OCLCQ
|d OCLCO
|d TEFOD
|d OCLCQ
|d AZK
|d DG1
|d LOA
|d GrThAP
|
| 019 |
|
|
|a 776813774
|a 785601370
|a 785776732
|a 817058259
|a 824108024
|a 844729461
|a 880748480
|a 961515153
|a 962633188
|
| 020 |
|
|
|a 9781444355161
|q (electronic bk.)
|
| 020 |
|
|
|a 1444355163
|q (electronic bk.)
|
| 020 |
|
|
|a 9781444355192
|q (electronic bk.)
|
| 020 |
|
|
|a 1444355198
|q (electronic bk.)
|
| 020 |
|
|
|a 9781444355178
|q (electronic bk.)
|
| 020 |
|
|
|a 1444355171
|q (electronic bk.)
|
| 020 |
|
|
|z 9781444334104
|
| 020 |
|
|
|z 1444334107
|
| 020 |
|
|
|z 1283449110
|
| 020 |
|
|
|z 9781283449113
|
| 029 |
1 |
|
|a AU@
|b 000050562532
|
| 029 |
1 |
|
|a AU@
|b 000051629339
|
| 029 |
1 |
|
|a AU@
|b 000052894024
|
| 029 |
1 |
|
|a AU@
|b 000055794527
|
| 029 |
1 |
|
|a CHNEW
|b 000722319
|
| 029 |
1 |
|
|a DEBBG
|b BV040861129
|
| 029 |
1 |
|
|a DEBSZ
|b 397231369
|
| 029 |
1 |
|
|a DEBSZ
|b 449282414
|
| 029 |
1 |
|
|a DKDLA
|b 820120-katalog:000600695
|
| 029 |
1 |
|
|a NZ1
|b 14810554
|
| 029 |
1 |
|
|a NZ1
|b 14976205
|
| 029 |
1 |
|
|a NZ1
|b 15412300
|
| 035 |
|
|
|a (OCoLC)778448402
|z (OCoLC)776813774
|z (OCoLC)785601370
|z (OCoLC)785776732
|z (OCoLC)817058259
|z (OCoLC)824108024
|z (OCoLC)844729461
|z (OCoLC)880748480
|z (OCoLC)961515153
|z (OCoLC)962633188
|
| 037 |
|
|
|a E95FC737-1F89-4E83-87F4-2E205436D922
|b OverDrive, Inc.
|n http://www.overdrive.com
|
| 050 |
|
4 |
|a HM671
|b .P78 2012eb
|
| 072 |
|
7 |
|a PHI
|x 019000
|2 bisacsh
|
| 082 |
0 |
4 |
|a 320.01/1
|2 23
|
| 049 |
|
|
|a MAIN
|
| 245 |
0 |
0 |
|a Property-owning democracy :
|b Rawls and beyond /
|c edited by Martin O'Neill and Thad Williamson.
|
| 264 |
|
1 |
|a Malden, MA :
|b Wiley-Blackwell,
|c 2012.
|
| 300 |
|
|
|a 1 online resource
|
| 336 |
|
|
|a text
|b txt
|2 rdacontent
|
| 337 |
|
|
|a computer
|b c
|2 rdamedia
|
| 338 |
|
|
|a online resource
|b cr
|2 rdacarrier
|
| 347 |
|
|
|a data file
|2 rda
|
| 380 |
|
|
|a Bibliography
|
| 504 |
|
|
|a Includes bibliographical references and index.
|
| 500 |
|
|
|a A collection of original essays that represent the first extended treatment of political philosopher John Rawls' idea of a property-owning democracy.
|
| 505 |
0 |
|
|a pt. 1. Property-owning democracy : theoretical foundations -- pt. 2. Interrogating property-owning democracy : work, gender, political economy -- pt. 3. Toward a practical politics of property-owning democracy : program and politics.
|
| 588 |
0 |
|
|a Print version record.
|
| 600 |
1 |
0 |
|a Rawls, John,
|d 1921-2002
|x Political and social views.
|
| 600 |
1 |
4 |
|a Rawls, John,
|d 1921-2002
|x Political and social views.
|
| 600 |
1 |
7 |
|a Rawls, John,
|d 1921-2002.
|2 fast
|0 (OCoLC)fst00027698
|
| 650 |
|
0 |
|a Social justice
|x Philosophy.
|
| 650 |
|
7 |
|a PHILOSOPHY
|x Political.
|2 bisacsh
|
| 650 |
|
7 |
|a Political and social views.
|2 fast
|0 (OCoLC)fst01353986
|
| 650 |
|
7 |
|a Social justice
|x Philosophy.
|2 fast
|0 (OCoLC)fst01122610
|
| 655 |
|
4 |
|a Electronic books.
|
| 655 |
|
7 |
|a Electronic books.
|2 local
|
| 700 |
1 |
|
|a O'Neill, Martin,
|d 1975-
|
| 700 |
1 |
|
|a Williamson, Thad.
|
| 776 |
0 |
8 |
|i Print version:
|t Property-owning democracy.
|d Malden, MA : Wiley-Blackwell, 2012
|z 9781444334104
|w (DLC) 2011038089
|w (OCoLC)753633972
|
| 856 |
4 |
0 |
|u https://doi.org/10.1002/9781444355192
|z Full Text via HEAL-Link
|
| 994 |
|
|
|a 92
|b DG1
|